| 000 | 00686nam a2200205 a 4500 | ||
|---|---|---|---|
| 001 | 38897 | ||
| 005 | 20180714012309.0 | ||
| 008 | 140415s2000 sp 000 0 spa d | ||
| 020 | _a8441510326 | ||
| 041 | _aspa | ||
| 082 |
_a006.6 _bHOL |
||
| 100 | 1 | _aHOLZCHLAG, MOLLY E. | |
| 245 | 1 | 3 | _aLA BIBLIA DE HTML 4 |
| 250 | _a1a ed. | ||
| 260 |
_aESPAÑA : _bANAYA MULTIMEDIA, _c2000 |
||
| 300 |
_a976 _cx 18 x 23 |
||
| 520 | _aESTE LIBRO PROPORCIONA UNA VISIÓN DETALLADA Y, AL MISMO TIEMPO, AMPLIA DE LA INDUSTRIA DE DESARROLLO WEB | ||
| 650 | 1 | 4 |
_aGRAFICOS POR COMPUTADOR _xINTERNET (RED DE COMPUTADORES) _xSISTEMAS MULTIMEDIA |
| 700 | 1 |
_aGARCÍA MARTOS, DANIEL _etr. |
|
| 999 |
_c38897 _d38897 |
||